| 000 | 00409nam a2200157 a 4500 | ||
|---|---|---|---|
| 001 | 3784 | ||
| 003 | CDMR | ||
| 005 | 20131028125810.0 | ||
| 008 | 130130s2008||||||||||||||||||||||||||||d | ||
| 040 |
_aCDMR _bcat _cCPC GIRONA |
||
| 100 | 1 |
_aAmades, Joan _9214 |
|
| 245 | 1 | 0 |
_aXilografries gironines _cJoan Amades _b: I, II i opuscle introductori |
| 260 |
_c2008 _bFundació Valvi |
||
| 300 | _a3v. | ||
| 942 |
_cMON _2udc |
||
| 999 |
_c3784 _d3784 |
||